NCAA Basketball Teams Starting with J or K - Statistics

General Stats
  • This quiz has been taken 38 times
  • The average score is 7 of 10
Answer Stats
Conference Team % Correct
Atlantic Sun Jacksonville
89%
Big 12 Kansas
79%
Big 12 Kansas State
79%
SEC Kentucky
79%
Southwestern Jackson State
75%
Conference USA Jacksonville State
68%
Mid-American Kent State
68%
Conference USA Kennesaw State
64%
Sun Belt James Madison
54%
Summit Kansas City
50%
No matching quizzes found
Score Distribution
Percent of People with Each Score
Percentile by Number Answered
Your Score History
You have not taken this quiz